Normal view
MARC view
Entry Topical Term
001 - CONTROL NUMBER
- control field: 5117
003 - CONTROL NUMBER IDENTIFIER
- control field: OSt
005 - DATE AND TIME OF LATEST TRANSACTION
- control field: 20251024081405.0
008 - FIXED-LENGTH DATA ELEMENTS
- fixed length control field: 251024|| aca||aabn | a|a d
040 ## - CATALOGING SOURCE
- Original cataloging agency: OSt
- Transcribing agency: OSt
150 ## - HEADING--TOPICAL TERM
- Topical term or geographic name entry element: interkultúrna výchova
670 ## - SOURCE DATA FOUND
- Source citation: Work cat.: (OSt)0: Facuna, Jozef 5116, Interkultúrnym vzdelávaním v základnej škole k sociálnej inklúzii žiakov z rómskych komunít